01030cam a2200217 a 450000100060000000300080000600500170001400800410003103500360007204000390010804100130014708200220016010000470018224502680022926000640049730000250056150500960058665000220068270000860070470000220079031791BD-RjUL20211209051740.0140422s1911 enk a 000 0 eng d a(OCoLC)29551342a(BD-RjUL)31879 aCGUcCGUdOCLdOCLCQdBD-RjULbeng1 aenghsan04a294.3bSOB [1911]0 aSomadeva Bhaṭṭa,dactive 11th century.14aThe Buddhist legend of Jîmûtavâhana :bfrom the Kathâ-Sarit-Sâgara (the Ocean-river of story) dramatized in the Nâgânanda (the Joy of the world of serpents), a Buddhist drama by Śrî Harsha Deva /ctranslated from the Sanskrit by B. Hale Wortham. aLondon :bG. Routledge ;aNew York :bE.P. Dutton,c[1911?] axv, 105 p. ;c16 cm.0 aTanānga 22, Śloka 16 of Somadeva's Kathāsaritsāgara -- Harsha Deva's Nāgānanda. 0aBuddhist legends.0 aHarṣavardhana,cKing of Thānesar and Kanauj,dactive 606-647.tNāgānanda.1 aWortham, B. Hale.